000 00323nam a2200145Ia 4500
008 230917s9999||||xx |||||||||||||| ||und||
040 _e51349
_aMAIN
041 _aEnglish
082 _a412 O5P
100 _aCorner, J D O
245 0 _aPhonetics
260 _aEngland
_bPenguin
_c1973
300 _a314 p.
942 _cBK
999 _c191477
_d191477